| 000 | 01308cam a2200373 a 4500 | ||
|---|---|---|---|
| 001 | 15740227 | ||
| 003 | OSt | ||
| 005 | 20150408113953.0 | ||
| 008 | 111204r20091995enk b 001 1 eng d | ||
| 010 | _a 2009290960 | ||
| 015 |
_aGBA8C5844 _2bnb |
||
| 016 | 7 |
_a014793727 _2Uk |
|
| 020 | _a9780199538843 (pbk.) | ||
| 035 | _a(OCoLC)ocn269433610 | ||
| 040 |
_aUKM _cUKM _dYDXCP _dDLC |
||
| 042 | _alccopycat | ||
| 050 | 0 | 0 |
_aPS1744.G57 _bA6 2009 |
| 082 | 0 | 0 |
_a823.4 G C Y _222 |
| 100 | 1 |
_aGilman, Charlotte Perkins, _d1860-1935. _96979 |
|
| 245 | 1 | 4 |
_aThe yellow wall-paper and other stories / _cCharlotte Perkins Gilman ; edited with an introduction by Robert Shulman. |
| 260 |
_aOxford ; _aNew York : _bOxford University Press, _c[2009] |
||
| 300 |
_axli, 332 p. ; _c20 cm. |
||
| 440 | 0 |
_aOxford world's classics _96792 |
|
| 504 | _aIncludes bibliographical references. | ||
| 650 | 0 |
_aWomen _zUnited States _vFiction. _96980 |
|
| 650 | 0 |
_aMarried women _xPsychology _vFiction. _96981 |
|
| 650 | 0 |
_aMentally ill women _vFiction. _95031 |
|
| 650 | 0 |
_aSex role _vFiction. _96982 |
|
| 655 | 0 |
_aPsychological fiction. _93935 |
|
| 700 | 1 |
_aShulman, Robert, _d1930- _96983 |
|
| 906 |
_a7 _bcbc _ccopycat _d2 _encip _f20 _gy-gencatlg |
||
| 942 |
_2ddc _cDVD |
||
| 999 |
_c19188 _d253688 |
||